MARC

Tag First Indicator Second Indicator Subfields
LEADER 00000cam a22000001 4500
001 in00000062561
005 20210208101326.0
008 750702s1935 nyu b 000 0 eng
010 |a  35004405  
035 |a (OCoLC)ocm01427258 
035 |a (OCoLC)01427258 
035 |9 AAF8725AM 
040 |a DLC  |b eng  |c BOS  |d DLC  |d AGL  |d LVB  |d NCS  |d OCLCQ  |d OCLCO  |d OCLCF  |d OCL 
016 7 |a CAT10502649  |2 DNAL 
029 1 |a AU@  |b 000026223429 
035 |a (OCoLC)1427258 
041 1 |a eng  |h fre 
043 |a n-us---  |a e------ 
049 |a TXAM  |c [63694] 
050 0 0 |a HQ728  |b .Z5 
070 0 |a 280  |b Z62 
072 0 |a X800 
082 4 |a 301.8 
100 1 |a Zimmerman, Carle C.,  |d 1897-1983. 
245 1 0 |a Family and society;  |b a study of the sociology of reconstruction,  |c by Carle C. Zimmerman, and Merle E. Frampton. 
260 |a New York,  |b D. Van Nostrand Co.,  |c 1935. 
300 |a xv, 611 pages  |c 24 cm 
336 |a text  |b txt  |2 rdacontent 
337 |a unmediated  |b n  |2 rdamedia 
338 |a volume  |b nc  |2 rdacarrier 
500 |a A study of the Le Play method of social investigation illustrated by an examination of social problems in America, and including as part IV (p. [359]-595) an abridged adaptation of volume I of Le Play's "Les ouvriers européens" (Paris, 1879) edited from the translation made by Samuel Dupertuis. 
505 0 |a pt. I. Family and society.--pt. II. Le Play theories. Bibliography (p. 150)--pt. III. American studies.--pt. IV. European studies. 
650 0 |a Sociology. 
650 0 |a Sociology  |x Methodology. 
600 1 0 |a Le Play, Frédéric,  |d 1806-1882. 
650 0 |a Families. 
651 0 |a United States  |x Social conditions. 
650 0 |a Appalachians (People) 
651 0 |a Europe  |x Social conditions. 
650 0 |a Labor and laboring classes  |z Europe. 
600 1 6 |a Le Play, Frédéric,  |d 1806-1882. 
650 6 |a Sociologie. 
650 6 |a Sociologie  |x Méthodologie. 
650 6 |a Famille. 
651 6 |a États-Unis  |x Conditions sociales. 
651 6 |a Europe  |x Conditions sociales. 
600 1 7 |a Le Play, Frédéric,  |d 1806-1882.  |2 fast  |0 (OCoLC)fst00084874 
650 7 |a Appalachians (People)  |2 fast  |0 (OCoLC)fst00811516 
650 7 |a Families.  |2 fast  |0 (OCoLC)fst01728849 
650 7 |a Social conditions.  |2 fast  |0 (OCoLC)fst01919811 
650 7 |a Sociology.  |2 fast  |0 (OCoLC)fst01123875 
650 7 |a Sociology  |x Methodology.  |2 fast  |0 (OCoLC)fst01123900 
651 7 |a Europe.  |2 fast  |0 (OCoLC)fst01245064 
651 7 |a United States.  |2 fast  |0 (OCoLC)fst01204155 
700 1 |a Frampton, Merle Elbert. 
700 1 |a Dupertuis, Samuel. 
700 1 |a Le Play, Frédéric,  |d 1806-1882.  |t Ouvriers européens. 
776 0 8 |i Online version:  |a Zimmerman, Carle Clark, 1897-  |t Family and society.  |d New York, D. Van Nostrand Co., 1935  |w (OCoLC)571707935 
776 0 8 |i Online version:  |a Zimmerman, Carle Clark, 1897-  |t Family and society.  |d New York, D. Van Nostrand Co., 1935  |w (OCoLC)609342625 
994 |a C0  |b TXA 
999 f f |s f7a6035e-02ae-3871-a44b-9630320c6446  |i 79404ea7-7bf6-3588-bbfa-e73c12fd9d88  |t 0 
952 f f |p ric  |a Texas A&M University  |b Rellis Campus  |c Joint Library Facility  |d Remote Storage  |t 0  |e HQ728 .Z5  |h Library of Congress classification  |i unmediated -- volume  |m A14800644568 
998 f f |a HQ728 .Z5  |t 0  |l Remote Storage